[Event "Hoogeveen op 27th"]
[Site "Hoogeveen"]
[Date "2024.11.01"]
[Round "8"]
[White "Westerlaan, Sander"]
[Black "Wildschut, Marcel"]
[Result "1-0"]
[WhiteElo "1979"]
[BlackElo "2069"]
[PlyCount "111"]
[EventDate "2024.10.26"]
[EventType "swiss"]
[EventRounds "9"]
[EventCountry "NED"]
[SourceTitle "CB45_2024"]
[Source "ChessBase"]
[SourceDate "2024.11.06"]
[SourceVersion "1"]
[SourceVersionDate "2024.11.06"]
[SourceQuality "1"]

1. Nf3 d5 2. c4 e6 3. d4 Nf6 4. Nc3 Bb4 5. Qa4+ Nc6 6. Bg5 dxc4 7. a3 Bxc3+ 8. bxc3 Qd5 9. Bxf6 gxf6 10. Nd2 b5 11. Qc2 Rb8 12. Ne4 Ke7 13. e3 Qf5 14. Be2 Na5 15. Qb2 Nb3 16. Ng3 Qg6 17. Rd1 Bb7 18. Bh5 Qh6 19. 0-0 Rhg8 20. Qe2 f5 21. Rfe1 Rbd8 22. Bf3 Bd5 23. Bxd5 Rxd5 24. e4 fxe4 25. Qxe4 Kd7 26. Qf3 Qg6 27. Re5 c6 28. Nh5 Rxe5 29. dxe5+ Kc7 30. Nf6 Rd8 31. Rxd8 Kxd8 32. h4 Kc7 33. Qd1 Qd3 34. Qxd3 cxd3 35. Kf1 Kd8 36. Ke1 c5 37. Nxh7 a5 38. Ng5 b4 39. cxb4 cxb4 40. a4 Nd4 41. Kd2 b3 42. Ne4 b2 43. Nc3 Nc6 44. f4 Nb4 45. Nb1 Ke7 46. g3 f6 47. Kc3 fxe5 48. fxe5 Kf7 49. Kxb2 Nc6 50. Kc3 Nxe5 51. Nd2 Kg6 52. Nb3 Kf5 53. Nxa5 Ke4 54. Nb3 Ke3 55. a5 Ng4 56. a6 1-0